000 00581nam a2200241Ia 4500
003 OSt
005 20221005130819.0
006 a|||||r|||| 00| 0
007 ta
008 221004b |||||||| |||| 00| 0 tam d
024 _a47953
037 _cTextual
040 _aCRL
_cCRL
_btam
041 _2tam
_atam
082 _aO31,1A:g, J82
100 _aAppadurai
_9631193
245 0 _aSanga ilakkiya manhu
260 _c1958
300 _a32
_ccm.
650 _aTAMIL POETRY
942 _hO31,1A:g, J82
_cTEXL
_2cc
999 _c1058490
_d1058490